Country Quiz - Statistics

General Stats
  • This quiz has been taken 22 times
  • The average score is 34 of 45
Answer Stats
Question Tile Select % Correct
Countries that have a union jack in their flag Australia Yes
95%
Countries that have a union jack in their flag Dominica No
95%
Countries that have a union jack in their flag Malta No
95%
Countries that have a union jack in their flag United Kingdom Yes
95%
That have overseas territories France Yes
90%
Countries that have a union jack in their flag New Zealand Yes
90%
That have overseas territories United Kingdom Yes
90%
Countries that have a union jack in their flag Antigua and Barbuda No
85%
Countries with over 100,000,000 people China Yes
85%
Countries with under 1,000,000 people New Zealand No
85%
That are countries Palau Yes
85%
That are countries Reunion No
85%
That are countries Faroe Islands No
80%
Countries that have a union jack in their flag Fiji Yes
80%
Countries with under 1,000,000 people Fiji Yes
80%
That are countries Grenada Yes
80%
That are countries Iceland Yes
80%
That have overseas territories India No
80%
Countries with over 100,000,000 people Italy No
80%
Countries that have a union jack in their flag Marshall Islands No
80%
That are countries Martinique No
80%
That are countries Mauritius Yes
80%
Countries with over 100,000,000 people Russia Yes
80%
That have overseas territories United States of America Yes
80%
That have overseas territories Brazil No
75%
Countries with over 100,000,000 people Canada No
75%
That have overseas territories Japan No
75%
Countries with under 1,000,000 people Moldova No
75%
That are countries Sao Tome and Principe Yes
75%
Countries with under 1,000,000 people Seychelles Yes
75%
Countries with over 100,000,000 people Bangladesh Yes
70%
Countries with over 100,000,000 people Germany No
70%
That are countries Guam No
70%
Countries with under 1,000,000 people Luxembourg Yes
70%
Countries with over 100,000,000 people Philippines Yes
70%
Countries with under 1,000,000 people Barbados Yes
65%
That have overseas territories Netherlands Yes
65%
Countries with over 100,000,000 people Thailand No
65%
Countries with over 100,000,000 people Ethiopia Yes
60%
That have overseas territories China No
55%
Countries with under 1,000,000 people Mauritius No
55%
Countries that have a union jack in their flag Tuvalu Yes
50%
Countries with under 1,000,000 people Guyana Yes
45%
That have overseas territories Australia Yes
35%
Countries with under 1,000,000 people Trinidad and Tobago No
30%
No matching quizzes found
Score Distribution
Percent of People with Each Score
Percentile by Number Answered
Your Score History
You have not taken this quiz